Celebration of one thousand and Thirty Three birth anniversary of Atish Dipankar Srijnan / (Record no. 25293)

MARC details
000 -LEADER
fixed length control field 01231cam a2200349 a 4500
001 - CONTROL NUMBER
control field 14454290
003 - CONTROL NUMBER IDENTIFIER
control field BDDh-ASL
005 - DATE AND TIME OF LATEST TRANSACTION
control field 20231015030454.0
008 - FIXED-LENGTH DATA ELEMENTS--GENERAL INFORMATION
fixed length control field 060715s2013 bg 010 0 eng
010 ## - LIBRARY OF CONGRESS CONTROL NUMBER
LC control number 2006561977
025 ## - OVERSEAS ACQUISITION NUMBER
Overseas acquisition number B-E-2006-561977; 04
037 ## - SOURCE OF ACQUISITION
Source of stock number/acquisition Library of Congress -- New Delhi Overseas Office
040 ## - CATALOGING SOURCE
Original cataloging agency DLC
Transcribing agency DLC
Modifying agency DLC
-- BDDh-ASL
041 0# - LANGUAGE CODE
Language code of text/sound track or separate title eng
-- ben
042 ## - AUTHENTICATION CODE
Authentication code lcode
043 ## - GEOGRAPHIC AREA CODE
Geographic area code a-ii---
050 00 - LIBRARY OF CONGRESS CALL NUMBER
Classification number BQ7950.A877
Item number C45 2004
082 ## - DEWEY DECIMAL CLASSIFICATION NUMBER
Classification number 920.8094
Item number CEL
245 00 - TITLE STATEMENT
Title Celebration of one thousand and Thirty Three birth anniversary of Atish Dipankar Srijnan /
246 17 - VARYING FORM OF TITLE
Title proper/short title Celebration of 1033th birth anniversary of the Atish Dipankar Srijnan
260 ## - PUBLICATION, DISTRIBUTION, ETC.
Place of publication, distribution, etc. Dhaka :
Name of publisher, distributor, etc. Bangladesh Boudho Kristi Prachar Sangha,
Date of publication, distribution, etc. 2013.
300 ## - PHYSICAL DESCRIPTION
Extent 156 p. ;
Dimensions 28 cm.
520 ## - SUMMARY, ETC.
Summary, etc. Contributed articles on the life of Buddhist priest Atīśa, 982-1054.
546 ## - LANGUAGE NOTE
Language note In English; some articles in Bengali.
600 00 - SUBJECT ADDED ENTRY--PERSONAL NAME
Personal name Atīśa,
Dates associated with a name 982-1054.
650 #0 - SUBJECT ADDED ENTRY--TOPICAL TERM
Topical term or geographic name entry element Buddhist priests
Geographic subdivision India
Form subdivision Biography.
700 0# - ADDED ENTRY--PERSONAL NAME
Personal name Atīśa,
Dates associated with a name 982-1054.
710 2# - ADDED ENTRY--CORPORATE NAME
Corporate name or jurisdiction name as entry element Bangladesh Boudho Kristi Prachar Sangha.
906 ## - LOCAL DATA ELEMENT F, LDF (RLIN)
a 7
b cbc
c origode
d 3
e ncip
f 20
g y-gencatlg
942 ## - ADDED ENTRY ELEMENTS (KOHA)
Source of classification or shelving scheme Dewey Decimal Classification
Koha item type Books
Holdings
Withdrawn status Lost status Source of classification or shelving scheme Damaged status Not for loan Collection code Home library Current library Shelving location Date acquired Source of acquisition Total Checkouts Full call number Barcode Date last seen Copy number Price effective from Koha item type
    Dewey Decimal Classification     Non-fiction Asiatic Society Library Asiatic Society Library General Stacks 06/29/2021 Complimentary   920.8094 CEL 110032 06/29/2021 C-1 06/29/2021 Books

Powered by Koha